000 nam a22 a 4500
999 _c57041
_d57041
003 BLK
005 20220927102743.0
008 180408b bul|||||r ||||||| ||bul||
010 _aKNG00061030000
040 _aBLK
041 _aBUL
_cBUL
080 _aБорба с болестите и вредителите на растенията
_b632.9
_z632.9
100 1 _aЛазаров, Асен
_eпърви автор
_9369315
139 _aЛазаров, Асен
_bЛ 14
245 1 0 _aЕкологични основи на борбата с неприятелите по селскостопанските култури
_bМоногр.
_cАсен Лазаров
257 _aBGR
260 _bЗемиздат
_c1975
_aСофия
300 _a324 с.
_c25 см
380 _a63
500 _aБиблиогр. с. 315-322.
650 4 _aСелскостопански култури - болести и вредители - методи за борба
_9260973
650 4 _aНасекоми, вредни
_9287296
650 4 _aРастителна защита
_9258069
653 _aселскостопански култури
653 _aвредни насекоми
653 _aрастителна защита
852 _aЦб 75499
_bЦб
856 4 _qpdf
856 4 _qpdf
942 _cKNG
_n0
_s1
944 _aCR
_c13.06.2004
_kЧиталня
944 _aED
_c25.08.2015
944 _aED
_c2022-09-27
999 _d57041